| 000 | 00366nam a2200145Ia 4500 | ||
|---|---|---|---|
| 008 | 230917s9999||||xx |||||||||||||| ||und|| | ||
| 040 |
_e205456 _aMAIN |
||
| 041 | _aEnglish | ||
| 082 | _a570.1 V877F | ||
| 100 | _aVoit, Eberhard O | ||
| 245 | 0 | _aFirst course in systems biology | |
| 260 |
_aLondon _bGarland Science _c2012 |
||
| 300 | _axiii, 445 p. | ||
| 942 | _cBK | ||
| 999 |
_c166413 _d166413 |
||